Riconosci il Pokémon - Quiz n°958 - Statistics

Statistiche generali
  • Questo quiz è stato fatto 3 volte
  • Il punteggio medio è 6 su 10
Statistiche sulle risposte
Indizio Risposta % Corretto
Tipo Buio / Drago
100%
Generazione Settima
100%
Peso 888,0 kg
67%
Stadio evoluzione Non si evolve
67%
Abilità Ultraboost
67%
Tasso di cattura 15 (5.2%)
33%
Altezza 5,5 m
33%
Pokémon Guzzlord
33%
Tasso di allevamento Lento
33%
Sesso Sconosciuto
33%
Nessun quiz corrispondente trovato
Distribuzione punteggi
Percentuale di utenti per punteggio
Percentile per numero di risposta
I tuoi punteggi nel tempo
Non hai fatto questo quiz